Visualizzazione normale
Vista MARC
- Commissione diocesana "Giustizia e pace"
di Personal Name
Records bibliografici associati: 1
001 - CONTROL NUMBER
- control field: 61562
003 - CONTROL NUMBER IDENTIFIER
- control field:
005 - DATE AND TIME OF LATEST TRANSACTION
- control field: 20250218122014.0
008 - FIXED-LENGTH DATA ELEMENTS
- fixed length control field: 250218|| aca||aabn | a|a d
040 ## - CATALOGING SOURCE
- Original cataloging agency:
- Transcribing agency:
100 ## - HEADING--PERSONAL NAME
- Personal name: Commissione diocesana "Giustizia e pace"
670 ## - SOURCE DATA FOUND
- Source citation: Work cat.: ()207266: Commissione diocesana "Giustizia e pace" , Sulla questione fiscale., 2000